| 000 | 00498nam a2200181Ia 4500 | ||
|---|---|---|---|
| 005 | 20250326125623.0 | ||
| 008 | 250326s9999 xx 000 0 und d | ||
| 037 | _aTextbook | ||
| 040 |
_aFMSL _beng _cFMSL |
||
| 041 |
_aeng _2eng |
||
| 084 |
_aX9B'N71t L1.4 _qFMSL |
||
| 100 |
_aLees D _9739382 |
||
| 245 | 0 |
_aFicial facilities for small firms _cLees D |
|
| 260 |
_aLondon _bLondon, H M S O _c1971 |
||
| 300 | _a241p | ||
| 942 |
_cTB _hX9B'N71t L1.4 |
||
| 999 |
_c1278828 _d1278828 |
||